| 000 | 00441nam a2200157 4500 | ||
|---|---|---|---|
| 003 | SEACOMEC | ||
| 005 | 20250812154738.0 | ||
| 008 | 250812b |||||||| |||| 00| 0 eng d | ||
| 020 |
_a9350140322 _c295 |
||
| 040 | _aSEACOMEC | ||
| 082 |
_a004.6 _bS531C |
||
| 100 | _aSharma, Sanjay | ||
| 245 |
_aA Course in Computer Networks _bPrinciples, Technologies and Protocols _cSanjay Sharma |
||
| 260 |
_aNew Delhi _bS.K Kataria _c2010 |
||
| 942 | _cBOOK | ||
| 999 |
_c2393 _d2393 |
||